[Event "Gatineau Pentes U1600"]
[Site "Gatineau"]
[Date "2019.02.05"]
[Round "3"]
[White "Arcand, Pierre"]
[Black "Boutin, Michel"]
[Result "1-0"]
[WhiteElo "1154"]
[BlackElo "1183"]
[PlyCount "53"]
[EventDate "2019.01.22"]
[EventType "swiss"]
[EventRounds "5"]
[EventCountry "CAN"]
[SourceTitle "EXT 2022"]
[Source "ChessBase"]
[SourceDate "2021.10.06"]
[SourceVersion "1"]
[SourceVersionDate "2021.10.06"]
[SourceQuality "1"]

1. e4 e5 2. Nf3 Nc6 3. Nc3 Bb4 4. a3 Ba5 5. Bb5 a6 6. Bxc6 dxc6 7. Nxe5 Nf6 8. d3 0-0 9. 0-0 Qe8 10. Bf4 Qe6 11. b4 Bb6 12. d4 Rd8 13. Nf3 Nxe4 14. Nxe4 Qxe4 15. Be3 Bg4 16. c3 Rd6 17. Ng5 Qf5 18. f3 Bh5 19. g4 Bxg4 20. fxg4 Qd7 21. Nxf7 Rf6 22. Rxf6 gxf6 23. Nh6+ Kh8 24. Nf5 Rg8 25. Kh1 Qd5+ 26. Kg1 a5 27. Ne7 1-0

[Event "Gatineau Special Hiver Suisse"]
[Site "Gatineau"]
[Date "2018.02.13"]
[Round "2"]
[White "Chen, Annie"]
[Black "Arcand, Pierre"]
[Result "0-1"]
[WhiteElo "1063"]
[BlackElo "1187"]
[PlyCount "68"]
[EventDate "2018.02.06"]
[EventType "swiss"]
[EventRounds "5"]
[EventCountry "CAN"]
[SourceTitle "EXT 2022"]
[Source "ChessBase"]
[SourceDate "2021.10.06"]
[SourceVersion "1"]
[SourceVersionDate "2021.10.06"]
[SourceQuality "1"]

1. e4 e5 2. Nc3 Nf6 3. Nf3 Nc6 4. d3 d6 5. g3 Be7 6. Bg2 0-0 7. Be3 Bg4 8. Nb5 a6 9. Na3 d5 10. exd5 Qxd5 11. Nc4 e4 12. Ncd2 exf3 13. Nxf3 Qb5 14. Rb1 Nd5 15. Bd2 Nf6 16. Bf4 Rac8 17. Qc1 Bxf3 18. Bxf3 Nd4 19. Bg2 Rfe8 20. c4 Qa5+ 21. Bd2 Qb6 22. Bh3 Rcd8 23. c5 Bxc5+ 24. Be3 Nf3+ 25. Ke2 Bxe3 26. fxe3 Nd4+ 27. Kd1 Nb5 28. d4 Ne4 29. Rf1 Qh6 30. Bf5 Qxh2 31. Bxe4 Rxe4 32. a4 Nxd4 33. Qxc7 Ne6+ 34. Ke1 Qd2# 0-1

[Event "Gatineau Pere Noel CEH-B"]
[Site "Gatineau"]
[Date "2018.01.23"]
[Round "6"]
[White "Renaud, Alexandre"]
[Black "Arcand, Pierre"]
[Result "0-1"]
[WhiteElo "1189"]
[BlackElo "1209"]
[PlyCount "66"]
[EventDate "2017.12.05"]
[EventType "swiss"]
[EventRounds "6"]
[EventCountry "CAN"]
[SourceTitle "EXT 2022"]
[Source "ChessBase"]
[SourceDate "2021.10.06"]
[SourceVersion "1"]
[SourceVersionDate "2021.10.06"]
[SourceQuality "1"]

1. d4 d5 2. c4 dxc4 3. e3 e6 4. Bxc4 Bb4+ 5. Nc3 Nf6 6. Qa4+ Nc6 7. Bb5 Bxc3+ 8. bxc3 Bd7 9. Ba3 a6 10. Bd3 Ne5 11. Qc2 Nxd3+ 12. Qxd3 Nd5 13. Nf3 Ne7 14. 0-0 0-0 15. Ng5 g6 16. e4 Re8 17. Qh3 h5 18. g4 e5 19. dxe5 Bxg4 20. Qg3 Nc6 21. Qf4 Nxe5 22. f3 Bd7 23. Qg3 c6 24. Bd6 f6 25. Bxe5 Rxe5 26. f4 Rc5 27. Nf3 Qe8 28. Qe1 Qe6 29. Qe3 Qe7 30. Rfd1 Rd8 31. Nh4 Kg7 32. Kh1 f5 33. exf5 Qxe3 0-1

[Event "Gatineau Eveil Printanier U1500"]
[Site "Gatineau"]
[Date "2016.03.08"]
[Round "2"]
[White "Latreille, Stephane"]
[Black "Arcand, Pierre"]
[Result "0-1"]
[WhiteElo "1183"]
[BlackElo "1062"]
[PlyCount "60"]
[EventDate "2016.03.01"]
[EventType "swiss"]
[EventRounds "5"]
[EventCountry "CAN"]
[SourceTitle "EXT 2022"]
[Source "ChessBase"]
[SourceDate "2021.10.06"]
[SourceVersion "1"]
[SourceVersionDate "2021.10.06"]
[SourceQuality "1"]

1. d4 e6 2. e4 Nf6 3. e5 Nd5 4. Nf3 Bb4+ 5. c3 Ba5 6. Bd2 0-0 7. Bd3 d6 8. Na3 c5 9. Nc4 cxd4 10. cxd4 Bxd2+ 11. Qxd2 dxe5 12. dxe5 Nc6 13. a3 f6 14. exf6 Qxf6 15. 0-0 b5 16. Nd6 a6 17. Ne4 Qf4 18. Qc2 Bd7 19. Rfe1 Rac8 20. Nc5 Nd4 21. Qc1 Nxf3+ 22. gxf3 Qxf3 23. Qc2 Qg4+ 24. Kf1 Qh3+ 25. Ke2 Qxh2 26. Kd1 Rxf2 27. Bxh7+ Kh8 28. Qg6 Rd2+ 29. Kc1 Rxc5+ 30. Kb1 Rxb2# 0-1